Sports Quiz

Random Sports or College Quiz

Top College Football Players Quiz Stats

 Plays Quiz Updated Oct 1, 2018

Score 0/25 Timer 06:00
20 Plays Today
Rank Player % Correct
24Reggie Bush
83.6%
10Vince Young
79%
2Barry Sanders
76%
3Herschel Walker
67.8%
4Doak Walker
64.4%
8Bo Jackson
64.1%
15John Elway
59.1%
11Charles Woodson
55.4%
18Jim Brown
54.3%
9Roger Staubach
50.5%
7Tony Dorsett
46.4%
1Red Grange
45.5%
21Archie Griffin
45.2%
Rank Player % Correct
6Jim Thorpe
44.7%
12Earl Campbell
35.8%
19Dick Butkus
24.3%
13Glenn Davis
20.2%
5Sammy Baugh
17.6%
23Johnny Rodgers
17.4%
14Hugh Green
14.8%
22George Gipp
14%
16Tom Harmon
10.9%
17Bronko Nagurski
9.9%
25Ernie Nevers
3.3%
20Charley Trippi
3%

You're not logged in!

Compare scores with friends on all Sporcle quizzes.
OR
Log In

Sporcle TV

Today on Sporcle TV


Watch our educational content, quiz creation guides, and fun videos on Sporcle TV.

Show Comments

Extras

Top Quizzes Today


Score Distribution

Your Account Isn't Verified!

In order to create a playlist on Sporcle, you need to verify the email address you used during registration. Go to your Sporcle Settings to finish the process.

Report this User

Report this user for behavior that violates our Community Guidelines.

Details: